000 00516nam a22001817a 4500
003 CEME
005 20210628203242.0
008 210125b xxu||||| |||| 00| 0 eng d
020 _a81-219-2441-3
040 _c.
082 _a621.3 THE
100 _aTheraja , B.L, Theraja, , A.K
_957790
245 _aA textbook of electrical technology
260 _aNEW DELHI
_bS.CHAND
_c2009
300 _aXXXII,2749P
650 _aELECTRICAL TECHNOLOGY.-TEXTBOOK. ELECTRONIC DEVICES AND CIRCUITS
_962046
942 _cBK
_2ddc
999 _c572837
_d572837